[Event "IPCA rapid op 1st"]
[Site "La Zenia"]
[Date "2019.11.23"]
[Round "9"]
[White "Kabyzhanov, Bulat"]
[Black "Gurbanov, Andrei"]
[Result "0-1"]
[WhiteElo "2047"]
[BlackElo "2314"]
[PlyCount "68"]
[EventDate "2019.11.22"]
[EventType "swiss (rapid)"]
[EventRounds "9"]
[EventCountry "ESP"]
[SourceTitle "CBM 193 Extra"]
[Source "ChessBase"]
[SourceDate "2020.01.31"]
[SourceVersion "1"]
[SourceVersionDate "2020.01.31"]
[SourceQuality "1"]

1. Nf3 d5 2. g3 c6 3. Bg2 Bg4 4. 0-0 Nd7 5. d3 Ngf6 6. Nbd2 e5 7. e4 dxe4 8. dxe4 Be7 9. Qe2 h6 10. h3 Be6 11. Nc4 Qc7 12. Nfd2 Nc5 13. b3 b5 14. Ne3 0-0 15. Bb2 Rad8 16. Rad1 Nfd7 17. Nf5 Bf6 18. Rfe1 Kh7 19. Nf1 g6 20. N5e3 a5 21. c4 b4 22. Nd5 cxd5 23. cxd5 Nb6 24. dxe6 Nxe6 25. f4 Bg7 26. Rc1 Qa7 27. Kh1 exf4 28. Bxg7 Kxg7 29. Qb5 Nd7 30. Red1 Nd4 31. Qd5 Nf6 32. Qe5 f3 33. Bxf3 Nxf3 34. Qf4 Qg1# 0-1

[Event "IPCA rapid op 1st"]
[Site "La Zenia"]
[Date "2019.11.23"]
[Round "8"]
[White "Kabyzhanov, Bulat"]
[Black "Obodchuk, Andrei"]
[Result "1-0"]
[WhiteElo "2047"]
[BlackElo "2296"]
[PlyCount "81"]
[EventDate "2019.11.22"]
[EventType "swiss (rapid)"]
[EventRounds "9"]
[EventCountry "ESP"]
[SourceTitle "CBM 193 Extra"]
[Source "ChessBase"]
[SourceDate "2020.01.31"]
[SourceVersion "1"]
[SourceVersionDate "2020.01.31"]
[SourceQuality "1"]

1. d4 Nf6 2. Nf3 c5 3. d5 d6 4. c4 b5 5. cxb5 a6 6. bxa6 Bxa6 7. Nc3 g6 8. g3 Bg7 9. Bg2 Nbd7 10. 0-0 Nb6 11. Re1 0-0 12. h3 Ra7 13. e4 Nfd7 14. Qc2 Nc4 15. Rd1 Qa5 16. Ne1 Rb8 17. Nd3 Nde5 18. Nxe5 Bxe5 19. a4 Rab7 20. Ra2 Rb3 21. Nb5 Qb4 22. Nc7 Bc8 23. Nb5 Bd7 24. Bf1 Bxb5 25. axb5 Bd4 26. Rxd4 cxd4 27. Bxc4 Rf3 28. Bd2 Qc5 29. b4 Qc8 30. Kg2 Rxf2+ 31. Kxf2 Qxh3 32. Bf1 Qh2+ 33. Bg2 f5 34. e5 dxe5 35. Qc7 Rf8 36. Qxe7 f4 37. Qe6+ Kg7 38. Qxe5+ Kg8 39. Qe6+ Kg7 40. Ra7+ Kh6 41. Qh3+ 1-0

[Event "IPCA rapid op 1st"]
[Site "La Zenia"]
[Date "2019.11.23"]
[Round "7"]
[White "Khayrullin, Danil"]
[Black "Kabyzhanov, Bulat"]
[Result "0-1"]
[WhiteElo "1529"]
[BlackElo "2047"]
[PlyCount "110"]
[EventDate "2019.11.22"]
[EventType "swiss (rapid)"]
[EventRounds "9"]
[EventCountry "ESP"]
[SourceTitle "CBM 193 Extra"]
[Source "ChessBase"]
[SourceDate "2020.01.31"]
[SourceVersion "1"]
[SourceVersionDate "2020.01.31"]
[SourceQuality "1"]

1. e4 c5 2. f4 Nc6 3. Nf3 d6 4. Bc4 e6 5. d4 cxd4 6. Nxd4 Bd7 7. 0-0 Nf6 8. Nc3 Rc8 9. Nxc6 Bxc6 10. Bd3 Be7 11. Kh1 0-0 12. e5 Ne8 13. Qg4 Bd7 14. Be3 f5 15. Qe2 a6 16. Bd4 d5 17. Qe3 Qc7 18. Qh3 g6 19. Ne2 Ng7 20. Qh6 Rf7 21. c3 Qd8 22. Rf3 Nh5 23. Rh3 Bf8 24. Qg5 Qxg5 25. fxg5 Be7 26. Be3 f4 27. Rxh5 fxe3 28. Rh3 Bxg5 29. Rg3 Bh6 30. h4 Kh8 31. Kh2 Rf2 32. Rf3 Rf8 33. Rxf8+ Bxf8 34. Kg3 Bh6 35. Re1 Kg7 36. a3 Kf7 37. b4 Ba4 38. Ng1 Bf4+ 39. Kh3 Bb5 40. Bxb5 axb5 41. Nf3 h6 42. Nd4 g5 43. hxg5 hxg5 44. Nxb5 Rc2 45. a4 e2 46. Kg4 Bxe5 47. Kxg5 Bg3 48. Nd4 Bxe1 49. Nxc2 Bxc3 50. b5 Ba5 51. Kf4 e1Q 52. Nxe1 Bxe1 53. Ke5 Ba5 54. g4 Kg6 55. Kxe6 d4 0-1

[Event "IPCA rapid op 1st"]
[Site "La Zenia"]
[Date "2019.11.22"]
[Round "5"]
[White "Jennitha, Anto K"]
[Black "Kabyzhanov, Bulat"]
[Result "1-0"]
[WhiteElo "1972"]
[BlackElo "2047"]
[PlyCount "88"]
[EventDate "2019.11.22"]
[EventType "swiss (rapid)"]
[EventRounds "9"]
[EventCountry "ESP"]
[SourceTitle "CBM 193 Extra"]
[Source "ChessBase"]
[SourceDate "2020.01.31"]
[SourceVersion "1"]
[SourceVersionDate "2020.01.31"]
[SourceQuality "1"]

1. e4 c5 2. Nf3 d6 3. d4 cxd4 4. Nxd4 Nf6 5. Nc3 a6 6. Be2 e5 7. Nb3 Be7 8. 0-0 0-0 9. Be3 Be6 10. Kh1 Nbd7 11. f4 Qc7 12. f5 Bc4 13. Rf3 Rac8 14. Rg3 Kh8 15. Bf3 b5 16. Rc1 b4 17. Nb1 d5 18. N1d2 dxe4 19. Nxe4 Nxe4 20. Bxe4 Nf6 21. Qf3 Rfd8 22. Bb7 Rb8 23. Be4 a5 24. Re1 a4 25. Nc1 Bd5 26. Bxd5 Rxd5 27. Bg5 Rbd8 28. Bxf6 Bxf6 29. Nd3 Bh4 30. Rxg7 Kxg7 31. Qg4+ Kh8 32. Qxh4 Qd6 33. b3 f6 34. Re4 Rc8 35. h3 Rxc2 36. Nxb4 Rc1+ 37. Kh2 Rd4 38. Qg4 Rcc4 39. bxc4 Rxe4 40. Qxe4 Qxb4 41. Qd5 Qb8 42. Qe4 Kg7 43. h4 Qc7 44. Kh3 h5 1-0

[Event "Wch Seniors 50 26th"]
[Site "Marianske Lazne"]
[Date "2016.11.29"]
[Round "10"]
[White "Sykora, Ondrej"]
[Black "Kabyzhanov, Bulat"]
[Result "0-1"]
[WhiteElo "2179"]
[BlackElo "2039"]
[PlyCount "52"]
[EventDate "2016.11.19"]
[EventType "swiss"]
[EventRounds "11"]
[EventCountry "CZE"]
[SourceTitle "CBM 175 Extra"]
[Source "ChessBase"]
[SourceDate "2016.12.12"]
[SourceVersion "1"]
[SourceVersionDate "2016.12.12"]
[SourceQuality "1"]

1. e4 c5 2. c3 e6 3. d4 cxd4 4. cxd4 d6 5. Nc3 Nf6 6. Nf3 Be7 7. Bd3 a6 8. 0-0 0-0 9. h3 Nc6 10. Be3 b5 11. a3 Bb7 12. Rc1 Rc8 13. Bb1 d5 14. e5 Nd7 15. Qd3 g6 16. h4 Bxh4 17. Nxh4 Qxh4 18. g3 Qh3 19. Qd1 Ncxe5 20. dxe5 Nxe5 21. f3 Qxg3+ 22. Kh1 d4 23. Be4 Ng4 24. fxg4 Qh3+ 25. Kg1 Qxe3+ 26. Rf2 Bxe4 0-1

[Event "Wch Seniors 50 26th"]
[Site "Marianske Lazne"]
[Date "2016.11.22"]
[Round "4"]
[White "Arias Castanedo, Jacinto"]
[Black "Kabyzhanov, Bulat"]
[Result "1-0"]
[WhiteElo "1857"]
[BlackElo "2039"]
[PlyCount "83"]
[EventDate "2016.11.19"]
[EventType "swiss"]
[EventRounds "11"]
[EventCountry "CZE"]
[SourceTitle "CBM 175 Extra"]
[Source "ChessBase"]
[SourceDate "2016.12.12"]
[SourceVersion "1"]
[SourceVersionDate "2016.12.12"]
[SourceQuality "1"]

1. d4 Nf6 2. Nf3 e6 3. c4 c5 4. d5 exd5 5. cxd5 d6 6. Nc3 g6 7. e4 Bg7 8. Bd3 0-0 9. 0-0 a6 10. a4 Re8 11. h3 Nbd7 12. Re1 h6 13. Bf4 Ne5 14. Nxe5 dxe5 15. Be3 Qd6 16. Qd2 Kh7 17. a5 Bd7 18. Rec1 Rac8 19. b3 Nh5 20. Na4 Bxa4 21. Rxa4 Nf4 22. Bf1 Red8 23. Rc2 Bf8 24. Qc1 g5 25. Rac4 Qg6 26. b4 f5 27. f3 fxe4 28. fxe4 g4 29. hxg4 Qxg4 30. bxc5 Be7 31. c6 bxc6 32. Rxc6 Rxc6 33. Rxc6 Rg8 34. Bxf4 exf4 35. Rc7 Rg7 36. e5 f3 37. Qc2+ Kg8 38. d6 Qd4+ 39. Qf2 Rxg2+ 40. Bxg2 Qd1+ 41. Bf1 Bg5 42. Rc3 1-0

[Event "Wch Seniors 50 26th"]
[Site "Marianske Lazne"]
[Date "2016.11.19"]
[Round "1"]
[White "Kabyzhanov, Bulat"]
[Black "Danielsen, Henrik"]
[Result "0-1"]
[WhiteElo "2039"]
[BlackElo "2477"]
[PlyCount "76"]
[EventDate "2016.11.19"]
[EventType "swiss"]
[EventRounds "11"]
[EventCountry "CZE"]
[SourceTitle "CBM 175 Extra"]
[Source "ChessBase"]
[SourceDate "2016.12.12"]
[SourceVersion "1"]
[SourceVersionDate "2016.12.12"]
[SourceQuality "1"]

1. Nf3 d6 2. d4 g6 3. g3 Bg7 4. Bg2 Nf6 5. Nbd2 0-0 6. 0-0 Nc6 7. c3 e5 8. e3 a5 9. Ne1 d5 10. a4 b6 11. f3 Ba6 12. Rf2 Re8 13. Nc2 Qe7 14. Bf1 Bxf1 15. Nxf1 h5 16. Bd2 Qe6 17. Na3 Rad8 18. Nb5 Rd7 19. Qc2 Ne7 20. Rb1 c6 21. Na3 e4 22. f4 Qh3 23. Rg2 Nf5 24. Qd1 Ng4 25. Qe2 Bf8 26. Nc2 Ra8 27. b3 Be7 28. c4 c5 29. Bc3 Rad8 30. cxd5 Rxd5 31. Qa6 h4 32. Qe2 hxg3 33. Nxg3 Nh4 34. Nxe4 Nf3+ 35. Kh1 Rh5 36. Ng5 Bxg5 37. fxg5 Ngxh2 38. Rxh2 Qxh2+ 0-1

[Event "Asia-ch Seniors 50"]
[Site "Mandalay"]
[Date "2016.11.02"]
[Round "7"]
[White "Lodhi, Mahmood"]
[Black "Kabyzhanov, Bulat"]
[Result "1-0"]
[WhiteElo "2340"]
[BlackElo "2039"]
[PlyCount "69"]
[EventDate "2016.10.26"]
[EventType "swiss"]
[EventRounds "9"]
[EventCountry "MYA"]
[SourceTitle "CBM 175 Extra"]
[Source "ChessBase"]
[SourceDate "2016.12.12"]
[SourceVersion "1"]
[SourceVersionDate "2016.12.12"]
[SourceQuality "1"]

1. d4 Nf6 2. Nf3 e6 3. g3 c5 4. Bg2 cxd4 5. 0-0 d6 6. Nxd4 a6 7. c4 Be7 8. Nc3 0-0 9. b3 Nbd7 10. Bb2 Qc7 11. Rc1 Re8 12. e4 Rb8 13. Qe2 Ne5 14. f4 Ng6 15. h4 Bd7 16. h5 Qc5 17. hxg6 Qxd4+ 18. Rf2 hxg6 19. Nd5 Qxf2+ 20. Qxf2 exd5 21. cxd5 Ng4 22. Qd2 Rbc8 23. Rxc8 Rxc8 24. Bf3 b5 25. Qe2 Nh6 26. Kg2 g5 27. Qd2 g4 28. Be2 Bf8 29. Bd3 f5 30. e5 Re8 31. Qa5 Bc8 32. Qc7 dxe5 33. fxe5 f4 34. Bg6 f3+ 35. Kf2 1-0

[Event "W-ch Disabled"]
[Site "Dresden"]
[Date "2015.10.21"]
[Round "4"]
[White "Kononov, Viktor V"]
[Black "Kabyzhanov, Bulat"]
[Result "0-1"]
[WhiteElo "2096"]
[BlackElo "2042"]
[PlyCount "112"]
[EventDate "2015.10.18"]
[EventType "swiss"]
[EventRounds "7"]
[EventCountry "GER"]
[SourceTitle "CBM 168 Extra"]
[Source "ChessBase"]
[SourceDate "2015.10.29"]
[SourceVersion "1"]
[SourceVersionDate "2015.10.29"]
[SourceQuality "1"]

1. d4 Nf6 2. Bf4 e6 3. e3 Be7 4. Nf3 d6 5. h3 Nbd7 6. Be2 Nf8 7. c4 Ng6 8. Bh2 0-0 9. 0-0 b6 10. Qc2 Bb7 11. Nc3 a6 12. b4 Ra7 13. e4 Qa8 14. d5 Nh5 15. Nd4 Nhf4 16. Rfe1 Bf6 17. Rad1 Re8 18. Bf1 exd5 19. cxd5 Nxd5 20. Nxd5 Bxd5 21. f3 Bxd4+ 22. Rxd4 Be6 23. Red1 Ne7 24. Rc1 b5 25. Kh1 Bd7 26. Rd2 Rb7 27. Qb1 Ng6 28. Bg3 h6 29. f4 Nf8 30. Kh2 a5 31. a3 axb4 32. axb4 Ra7 33. e5 dxe5 34. fxe5 Bc6 35. Qc2 Be4 36. Qb2 c6 37. Qd4 Bd5 38. Bd3 Ne6 39. Qg4 Ra3 40. Qf5 g6 41. Qf6 Qd8 42. Qf2 Qd7 43. h4 Ng7 44. Be2 Qe6 45. Bf4 Rb3 46. g4 Rxb4 47. Bg3 Ra8 48. Rf1 Ra3 49. Bd1 Re4 50. Re1 Rxe1 51. Qxe1 b4 52. Rf2 b3 53. Qb4 Ra2 54. Rxa2 bxa2 55. Qb2 c5 56. Bf2 Qa6 0-1

[Event "IBCA-ol blind 14th"]
[Site "Chennai"]
[Date "2012.08.18"]
[Round "8.3"]
[White "Kabyzhanov, Bulat"]
[Black "Darpan, Inani"]
[Result "0-1"]
[WhiteElo "2109"]
[BlackElo "2015"]
[PlyCount "58"]
[EventDate "2012.08.10"]
[EventType "team-swiss"]
[EventRounds "9"]
[EventCountry "IND"]
[SourceTitle "CBM 149 Extra"]
[Source "ChessBase"]
[SourceDate "2012.08.24"]
[SourceVersion "1"]
[SourceVersionDate "2012.08.24"]
[SourceQuality "1"]
[WhiteTeam "Kazakhstan"]
[BlackTeam "India"]
[WhiteTeamCountry "KAZ"]
[BlackTeamCountry "IND"]

1. c4 Nf6 2. Nf3 c6 3. g3 d5 4. Bg2 dxc4 5. 0-0 Bf5 6. Na3 b5 7. b3 cxb3 8. Qxb3 e6 9. d3 a6 10. Ne5 Qc7 11. Bb2 Bd6 12. Nxc6 Nxc6 13. Rac1 Na5 14. Rxc7 Nxb3 15. Bc6+ Kd8 16. Rxf7 Bxa3 17. Bxa3 Rc8 18. axb3 Rxc6 19. Rxg7 Nd7 20. e4 Bh3 21. Rc1 Rxc1+ 22. Bxc1 e5 23. f4 exf4 24. Bxf4 Be6 25. b4 h5 26. d4 h4 27. d5 Bh3 28. Bg5+ Kc8 29. Bxh4 Rf8 0-1

[Event "KAZ-ch qual"]
[Site "Astana"]
[Date "2012.02.29"]
[Round "9"]
[White "Bauenov, Erlen"]
[Black "Kabyzhanov, Bulat"]
[Result "1-0"]
[WhiteElo "2223"]
[BlackElo "2110"]
[PlyCount "51"]
[EventDate "2012.02.21"]
[EventType "swiss"]
[EventRounds "9"]
[EventCountry "KAZ"]
[SourceTitle "EXT 2014"]
[Source "ChessBase"]
[SourceDate "2013.11.20"]
[SourceVersion "1"]
[SourceVersionDate "2013.11.20"]
[SourceQuality "1"]

1. d4 Nf6 2. c4 e6 3. Nf3 Bb4+ 4. Bd2 a5 5. g3 0-0 6. Bg2 d5 7. Qc2 Ne4 8. Bxb4 axb4 9. 0-0 Nc6 10. Rd1 b3 11. Qxb3 Na5 12. Qc2 Nxc4 13. Nc3 f5 14. e3 c6 15. a4 Bd7 16. Ne2 Be8 17. b3 Ncd6 18. Nf4 Rf6 19. Ne5 g5 20. Nfd3 Bh5 21. f3 Qe7 22. Rf1 f4 23. exf4 Nf5 24. fxe4 Nxd4 25. Qb2 Ne2+ 26. Kh1 1-0

[Event "KAZ-ch qual"]
[Site "Astana"]
[Date "2012.02.22"]
[Round "2"]
[White "Kabyzhanov, Bulat"]
[Black "Kazakov, Konstantin"]
[Result "0-1"]
[WhiteElo "2110"]
[BlackElo "2302"]
[PlyCount "52"]
[EventDate "2012.02.21"]
[EventType "swiss"]
[EventRounds "9"]
[EventCountry "KAZ"]
[SourceTitle "EXT 2014"]
[Source "ChessBase"]
[SourceDate "2013.11.20"]
[SourceVersion "1"]
[SourceVersionDate "2013.11.20"]
[SourceQuality "1"]

1. d4 Nf6 2. Nf3 e6 3. c4 c5 4. d5 exd5 5. cxd5 d6 6. Nc3 g6 7. g3 Bg7 8. Bg2 0-0 9. 0-0 Re8 10. Nd2 b6 11. Qc2 Ba6 12. e4 Bxf1 13. Nxf1 Nbd7 14. h3 a6 15. b3 Rc8 16. Ne3 b5 17. Bb2 c4 18. bxc4 bxc4 19. Rb1 Ne5 20. Bc1 Rb8 21. f4 Rxb1 22. Qxb1 Ned7 23. Nxc4 Qc7 24. Qb4 Rb8 25. Qa4 Qc5+ 26. Kh2 Rb4 0-1

[Event "IBCA-ol blind 13th"]
[Site "Heraklion"]
[Date "2008.10.21"]
[Round "3.1"]
[White "Kabyzhanov, Bulat"]
[Black "Mueller, Oliver"]
[Result "1/2-1/2"]
[WhiteElo "2131"]
[BlackElo "2292"]
[PlyCount "150"]
[EventDate "2008.10.19"]
[EventType "team-swiss"]
[EventRounds "9"]
[EventCountry "GRE"]
[SourceTitle "EXT 2010"]
[Source "ChessBase"]
[SourceDate "2010.11.25"]
[SourceVersion "1"]
[SourceVersionDate "2010.11.25"]
[SourceQuality "1"]
[WhiteTeam "Kazakhstan (blind)"]
[BlackTeam "Germany (blind)"]
[WhiteTeamCountry "KAZ"]
[BlackTeamCountry "GER"]

1. c4 e5 2. Nc3 Nc6 3. Nf3 Nf6 4. e4 Bc5 5. h3 d6 6. d3 Nd4 7. Be3 c6 8. a3 a5 9. Rb1 0-0 10. Bg5 Ne6 11. Bh4 Nf4 12. Qd2 Ng6 13. Bg5 h6 14. Be3 Bxe3 15. fxe3 d5 16. exd5 cxd5 17. cxd5 Nxd5 18. Be2 Be6 19. 0-0 f5 20. d4 e4 21. Nh2 Nh4 22. Bc4 Rc8 23. Ba2 Kh8 24. Rbc1 Qd7 25. Bxd5 Bxd5 26. Qf2 Ng6 27. Nxd5 Rxc1 28. Rxc1 Qxd5 29. Rc5 Qb3 30. Nf1 f4 31. Qc2 Qe6 32. d5 Qd6 33. Qc3 Rf7 34. Rc8+ Kh7 35. Qd4 fxe3 36. Nxe3 Qf4 37. Rc4 Qf2+ 38. Kh1 b5 39. Rc1 Qg3 40. d6 Rd7 41. Rd1 Qf4 42. b4 axb4 43. axb4 Qe5 44. Qc5 Qg3 45. Qc6 Rd8 46. Nf5 Qb3 47. Ra1 Qe6 48. Qxb5 Ne5 49. g4 g6 50. Ra7+ Rd7 51. Rxd7+ Nxd7 52. Ne3 Qxd6 53. Qd5 Qe7 54. Qb7 Qg7 55. Qxe4 Qa1+ 56. Kg2 Qb2+ 57. Kg3 Nf6 58. Qe7+ Kg8 59. b5 Qd4 60. Qe6+ Kh8 61. Kf3 Nd7 62. Qd5 Ne5+ 63. Ke2 Qb2+ 64. Kd1 Qb1+ 65. Kd2 Qb4+ 66. Kc2 Qa4+ 67. Qb3 Qe4+ 68. Kd2 Nf3+ 69. Kc1 Nd4 70. Qc3 Kh7 71. Qc7+ Kh8 72. Nc2 Nxc2 73. Qxc2 Qf4+ 74. Kb2 Qb4+ 75. Ka2 Qa5+ 1/2-1/2